Days of the Week in Word Length Order - Statistics

General Stats
  • This quiz has been taken 33 times
  • The average score is 3 of 7
Answer Stats
Day % Correct
Sunday (or Monday)
100%
Monday (or Friday)
84%
Friday (or Sunday)
68%
Tuesday
42%
Thursday
26%
Wednesday
16%
Saturday
11%
No matching quizzes found
Score Distribution
Percent of People with Each Score
Percentile by Number Answered
Your Score History
You have not taken this quiz